000
00397nam a2200145Ia 4500
001
177
003
GE_BSU
008
181216s||||||||xx |||||||||||||| ||und||
040
_c
GE_BSU
245
_a
Georgia ტურისტული რუკა
245
_b
Scale 1:600 000
541
_h
20 ლ.
653
_a
საქართველოს ტურისტული რუკა
942
_c
MP
999
_c
34435
_d
34435